[Event "15. Obert Internacional Pobla de Lillet"]
[Site "Pobla de Lillet ESP"]
[Date "2005.08.07"]
[Round "6.7"]
[White "Yastrebova, Tatiana"]
[Black "Alonso Moyano, Jonathan"]
[Result "0-1"]
[WhiteElo "2082"]
[BlackElo "2406"]
[PlyCount "66"]
[EventDate "2005.08.02"]
[EventType "swiss"]
[EventRounds "9"]
[EventCountry "ESP"]
[SourceTitle "Ajedrez en Madrid"]
[Source "lmi"]
[SourceDate "2005.08.11"]
[SourceVersion "1"]
[SourceVersionDate "2020.06.30"]
[SourceQuality "1"]

1. d4 f5 2. Nc3 d5 3. Bf4 c6 4. e3 g6 5. Nf3 Nd7 6. Bd3 Bg7 7. O-O Nh6 8. Ne2
Nf7 9. c4 e5 10. dxe5 Ndxe5 11. Nxe5 Nxe5 12. Bxe5 Bxe5 13. cxd5 Qxd5 14. Qc2
Be6 15. Rfd1 O-O-O 16. Nf4 Bxf4 17. exf4 Kb8 18. b3 Qa5 19. Bc4 Bxc4 20. Qxc4
Rd2 21. b4 Qd8 22. Rxd2 Qxd2 23. g3 Rd8 24. Rc1 a6 25. a3 Rd4 26. Qc5 Rd5 27.
Qc4 Ka7 28. h4 Qd3 29. Qa2 a5 30. Qb2 a4 31. Rc5 Qd1+ 32. Kh2 Rd2 33. Rc1 Qe2
0-1

[Event "15. Obert Internacional Pobla de Lillet"]
[Site "Pobla de Lillet ESP"]
[Date "2005.08.07"]
[Round "6.8"]
[White "Bruned, Yvain"]
[Black "Ruiz Manchon, Francesc Xavier"]
[Result "1-0"]
[WhiteElo "2328"]
[BlackElo "2101"]
[PlyCount "59"]
[EventDate "2005.08.02"]
[EventType "swiss"]
[EventRounds "9"]
[EventCountry "ESP"]
[SourceTitle "Ajedrez en Madrid"]
[Source "lmi"]
[SourceDate "2005.08.11"]
[SourceVersion "1"]
[SourceVersionDate "2020.06.30"]
[SourceQuality "1"]

1. e4 c5 2. Nf3 e6 3. d4 cxd4 4. Nxd4 a6 5. Bd3 Nc6 6. Nxc6 dxc6 7. O-O e5 8.
a4 Nf6 9. Nd2 Be7 10. Nc4 Qc7 11. a5 Be6 12. Qe1 Bc5 13. Kh1 Nd7 14. f4 f6 15.
Qg3 O-O-O 16. f5 Bf7 17. Qxg7 Rdf8 18. Qh6 Rfg8 19. Be3 Bxe3 20. Qxe3 Kb8 21.
b4 Rg4 22. Be2 Rg5 23. Rfd1 Rhg8 24. Nd6 Bh5 25. Bxh5 Rxh5 26. Rd2 Rhg5 27.
Rad1 R5g7 28. c4 Rd8 29. c5 Rdg8 30. Nc4 1-0

[Event "15. Obert Internacional Pobla de Lillet"]
[Site "Pobla de Lillet ESP"]
[Date "2005.08.07"]
[Round "6.9"]
[White "Gallart Zafra, Jaume"]
[Black "Camacho Collados, Jose"]
[Result "0-1"]
[WhiteElo "2077"]
[BlackElo "2236"]
[PlyCount "58"]
[EventDate "2005.08.02"]
[EventType "swiss"]
[EventRounds "9"]
[EventCountry "ESP"]
[SourceTitle "Ajedrez en Madrid"]
[Source "lmi"]
[SourceDate "2005.08.11"]
[SourceVersion "1"]
[SourceVersionDate "2020.06.30"]
[SourceQuality "1"]

1. Nf3 Nf6 2. g3 g6 3. Bg2 Bg7 4. d3 O-O 5. O-O c5 6. Nbd2 d6 7. a4 Nc6 8. Nc4
Qc7 9. e4 Bg4 10. h3 Bxf3 11. Bxf3 Nd7 12. Bg2 a6 13. c3 b5 14. axb5 axb5 15.
Na3 b4 16. Nb5 Qb6 17. Rxa8 Rxa8 18. c4 Ra1 19. Qc2 Na7 20. Nxa7 Qxa7 21. b3
Nb8 22. Be3 Nc6 23. Rxa1 Qxa1+ 24. Bf1 Na5 25. Bc1 Bd4 26. Be2 Nxb3 27. Qxb3
Qxc1+ 28. Bd1 Qd2 29. Qc2 Qe1+ 0-1

[Event "15. Obert Internacional Pobla de Lillet"]
[Site "Pobla de Lillet ESP"]
[Date "2005.08.07"]
[Round "6.10"]
[White "Bautista Sanchez, Joan"]
[Black "Camacho Collados, Marcos"]
[Result "1-0"]
[WhiteElo "2250"]
[BlackElo "2016"]
[PlyCount "93"]
[EventDate "2005.08.02"]
[EventType "swiss"]
[EventRounds "9"]
[EventCountry "ESP"]
[SourceTitle "Ajedrez en Madrid"]
[Source "lmi"]
[SourceDate "2005.08.11"]
[SourceVersion "1"]
[SourceVersionDate "2020.06.30"]
[SourceQuality "1"]

1. c4 Nf6 2. Nf3 g6 3. g3 Bg7 4. Bg2 O-O 5. O-O c6 6. Nc3 d6 7. d3 Ne8 8. Rb1
a6 9. Qc2 e5 10. b4 h6 11. a4 Be6 12. b5 axb5 13. axb5 c5 14. Bd2 f5 15. Ra1
Rxa1 16. Rxa1 e4 17. Ne1 Nf6 18. Ra8 Nfd7 19. Na4 exd3 20. Nxd3 b6 21. Nf4 Bf7
22. Nd5 Re8 23. Ndxb6 Nxb6 24. Ba5 Qf6 25. Nxb6 Qa1+ 26. Bf1 Nd7 27. Rxe8+ Bxe8
28. Qd2 Nxb6 29. Bxb6 Bf7 30. Qd3 Qa8 31. Qxd6 Bxc4 32. Qxc5 Qe4 33. f3 Qe6 34.
Qc6 Qf7 35. Bf2 Bd5 36. Qc8+ Kh7 37. b6 Be5 38. f4 Bb7 39. Qc5 Bb8 40. Bg2 Bxg2
41. Kxg2 Qb7+ 42. Kg1 Qe4 43. Qe3 Qb7 44. Qb3 h5 45. h4 Bd6 46. Qe6 Bb8 47. Bd4
1-0

[Event "15. Obert Internacional Pobla de Lillet"]
[Site "Pobla de Lillet ESP"]
[Date "2005.08.07"]
[Round "6.11"]
[White "Trias Fernandes, Ramon"]
[Black "Bernal Moro, Luis Javier"]
[Result "0-1"]
[WhiteElo "2045"]
[BlackElo "2431"]
[PlyCount "130"]
[EventDate "2005.08.02"]
[EventType "swiss"]
[EventRounds "9"]
[EventCountry "ESP"]
[SourceTitle "Ajedrez en Madrid"]
[Source "lmi"]
[SourceDate "2005.08.11"]
[SourceVersion "1"]
[SourceVersionDate "2020.06.30"]
[SourceQuality "1"]

1. e4 c5 2. Nf3 d6 3. d4 cxd4 4. Nxd4 Nf6 5. Nc3 Nc6 6. f4 e6 7. Be2 Be7 8.
Nxc6 bxc6 9. O-O O-O 10. Kh1 d5 11. e5 Nd7 12. b3 Bb7 13. Bd3 g6 14. Bb2 Nc5
15. Be2 a5 16. Bf3 a4 17. Ne2 axb3 18. cxb3 Ba6 19. Bd4 Nd3 20. g3 c5 21. Bg1
f6 22. exf6 Bxf6 23. Rb1 Qa5 24. a3 Qxa3 25. Nc1 c4 26. bxc4 Bxc4 27. Nxd3 Qxd3
28. Re1 Qxd1 29. Rbxd1 Kf7 30. Rb1 Rfb8 31. Rb6 Rxb6 32. Bxb6 h5 33. h4 Ra3 34.
Kg2 Ra2+ 35. Kh1 Rb2 36. Bc5 Bd3 37. Kg1 Rb5 38. Ba7 Bb2 39. Rd1 Rb3 40. Bg2
Bf5 41. Kh2 Ke7 42. Bc5+ Kd7 43. Bd4 Bxd4 44. Rxd4 Kd6 45. Ra4 Kc5 46. Bf1 Rb4
47. Ra5+ Kd4 48. Ba6 Be4 49. Ra2 Rb1 50. g4 Rh1+ 51. Kg3 Rg1+ 52. Kh3 Rh1+ 53.
Kg3 Rg1+ 54. Kh3 hxg4+ 55. Kh2 Rh1+ 56. Kg3 Rg1+ 57. Kh2 Rc1 58. Kg3 Bf5 59.
Be2 Rc3+ 60. Kf2 g3+ 61. Kg2 Be4+ 62. Kh3 g2+ 63. Kh2 Rc1 64. Ra4+ Kc3 65. Rxe4
dxe4 0-1

[Event "15. Obert Internacional Pobla de Lillet"]
[Site "Pobla de Lillet ESP"]
[Date "2005.08.07"]
[Round "6.12"]
[White "Garcia Sanchez, Jose Manuel"]
[Black "Ayza Ballester, Jordi"]
[Result "1-0"]
[WhiteElo "1991"]
[BlackElo "2300"]
[PlyCount "91"]
[EventDate "2005.08.02"]
[EventType "swiss"]
[EventRounds "9"]
[EventCountry "ESP"]
[SourceTitle "Ajedrez en Madrid"]
[Source "lmi"]
[SourceDate "2005.08.11"]
[SourceVersion "1"]
[SourceVersionDate "2020.06.30"]
[SourceQuality "1"]

1. e4 c5 2. Nf3 e6 3. Nc3 a6 4. d3 d6 5. g3 g6 6. Bg2 Bg7 7. O-O Ne7 8. Nh4
Nbc6 9. Ne2 d5 10. c3 e5 11. Qc2 Be6 12. a3 dxe4 13. dxe4 Na5 14. Be3 Qc7 15.
b4 cxb4 16. axb4 Nc4 17. Bc1 O-O 18. Nf3 Rac8 19. Nd2 Nxd2 20. Bxd2 Bc4 21.
Rfe1 Rfd8 22. Nc1 Qd7 23. Be3 Rc6 24. Bf1 Nc8 25. Nb3 Bxf1 26. Rxf1 Qc7 27.
Rfd1 Rxd1+ 28. Rxd1 Bf8 29. Bc5 b6 30. Bxf8 Kxf8 31. Rd3 Nd6 32. Nd2 Kg7 33.
Kg2 h5 34. h4 Qe7 35. Qb3 Nb5 36. Nf3 Qc7 37. c4 Rxc4 38. Nxe5 Rd4 39. Rxd4
Nxd4 40. Qd5 Ne6 41. Nc4 b5 42. Nd6 Qc3 43. Qb7 Nd8 44. Qd7 Nc6 45. Qxf7+ Kh6
46. Qg8 1-0

[Event "15. Obert Internacional Pobla de Lillet"]
[Site "Pobla de Lillet ESP"]
[Date "2005.08.07"]
[Round "6.13"]
[White "Diaz Lopez, Pedro"]
[Black "Sandu, Mihaela"]
[Result "0-1"]
[WhiteElo "2040"]
[BlackElo "2159"]
[PlyCount "74"]
[EventDate "2005.08.02"]
[EventType "swiss"]
[EventRounds "9"]
[EventCountry "ESP"]
[SourceTitle "Ajedrez en Madrid"]
[Source "lmi"]
[SourceDate "2005.08.11"]
[SourceVersion "1"]
[SourceVersionDate "2020.06.30"]
[SourceQuality "1"]

1. d4 Nf6 2. c4 g6 3. Nc3 Bg7 4. e4 d6 5. Be2 O-O 6. Nf3 e5 7. O-O Nc6 8. d5
Ne7 9. b4 Kh8 10. c5 Neg8 11. Nd2 Ne8 12. Nc4 f5 13. f3 Ngf6 14. cxd6 cxd6 15.
Be3 f4 16. Bf2 g5 17. Nb5 g4 18. Bxa7 Rxa7 19. Nxa7 Bd7 20. a4 Nxe4 21. fxe4
Qh4 22. Bxg4 Bxg4 23. Qe1 Qg5 24. Ra3 f3 25. g3 Bh6 26. Rf2 Qh5 27. Nb5 Rf6 28.
Ne3 Bh3 29. Nf5 Rxf5 30. exf5 Bg4 31. Rc3 Qxf5 32. Nd4 Qf7 33. Qe4 Nf6 34. Ne6
Nxe4 35. Rc8+ Qg8 36. Rxg8+ Kxg8 37. Rc2 f2+ 0-1

[Event "15. Obert Internacional Pobla de Lillet"]
[Site "Pobla de Lillet ESP"]
[Date "2005.08.07"]
[Round "6.14"]
[White "Garcia Garrido, Enric"]
[Black "Fabre Massana, Miquel"]
[Result "1/2-1/2"]
[WhiteElo "1991"]
[BlackElo "2136"]
[PlyCount "37"]
[EventDate "2005.08.02"]
[EventType "swiss"]
[EventRounds "9"]
[EventCountry "ESP"]
[SourceTitle "Ajedrez en Madrid"]
[Source "lmi"]
[SourceDate "2005.08.11"]
[SourceVersion "1"]
[SourceVersionDate "2020.06.30"]
[SourceQuality "1"]

1. e4 e5 2. Nf3 d6 3. d4 Bg4 4. dxe5 Nd7 5. Be2 dxe5 6. Be3 Ngf6 7. Nbd2 Bc5 8.
Bxc5 Nxc5 9. Nxe5 Bxe2 10. Qxe2 O-O 11. O-O-O Qe8 12. Ng4 Nfxe4 13. Nxe4 Qxe4
14. Qxe4 Nxe4 15. Rd7 f5 16. Ne3 Nxf2 17. Rf1 Ng4 18. Nxf5 Kh8 19. h3 1/2-1/2

[Event "15. Obert Internacional Pobla de Lillet"]
[Site "Pobla de Lillet ESP"]
[Date "2005.08.07"]
[Round "6.15"]
[White "Garcia Galeote, Lorenzo"]
[Black "Bruned, Vianney"]
[Result "1/2-1/2"]
[WhiteElo "2110"]
[BlackElo "1933"]
[PlyCount "77"]
[EventDate "2005.08.02"]
[EventType "swiss"]
[EventRounds "9"]
[EventCountry "ESP"]
[SourceTitle "Ajedrez en Madrid"]
[Source "lmi"]
[SourceDate "2005.08.11"]
[SourceVersion "1"]
[SourceVersionDate "2020.06.30"]
[SourceQuality "1"]

1. d4 Nf6 2. c4 e6 3. Nc3 Bb4 4. a3 Bxc3+ 5. bxc3 c5 6. e3 Nc6 7. Bd3 O-O 8.
Ne2 b6 9. e4 Ne8 10. O-O f5 11. exf5 exf5 12. dxc5 bxc5 13. Bc2 Nc7 14. Bf4 Ne7
15. Bd6 Ba6 16. Nf4 Bxc4 17. Bb3 Bf7 18. Re1 Re8 19. Bxf7+ Kxf7 20. Qb3+ Kf8
21. Rxe7 Rxe7 22. Re1 Ne6 23. Rxe6 dxe6 24. Nxe6+ Ke8 25. Bxe7 Qxe7 26. h3 Rc8
27. Qd5 g6 28. c4 Qd7 29. Qe5 Kf7 30. Nxc5 Qc6 31. Nd3 Qxc4 32. Qd6 Qc7 33.
Ne5+ Kg7 34. Qd4 Rd8 35. Nd7+ Kf7 36. Qf6+ Kg8 37. Qe6+ Kh8 38. Qf6+ Kg8 39.
Qe6+ 1/2-1/2

[Event "15. Obert Internacional Pobla de Lillet"]
[Site "Pobla de Lillet ESP"]
[Date "2005.08.07"]
[Round "6.27"]
[White "Jimenez Sanchez, Juan Rafael"]
[Black "Parayre Soguero, Jordi"]
[Result "0-1"]
[WhiteElo "1870"]
[BlackElo "1997"]
[PlyCount "70"]
[EventDate "2005.08.02"]
[EventType "swiss"]
[EventRounds "9"]
[EventCountry "ESP"]
[SourceTitle "Ajedrez en Madrid"]
[Source "lmi"]
[SourceDate "2005.08.11"]
[SourceVersion "1"]
[SourceVersionDate "2020.06.30"]
[SourceQuality "1"]

1. c4 Nf6 2. g3 g6 3. Bg2 Bg7 4. Nf3 O-O 5. d4 c6 6. Nc3 d5 7. c5 Nbd7 8. O-O
e5 9. Nxe5 Nxe5 10. dxe5 Ng4 11. f4 Qa5 12. Qd4 f6 13. Bd2 fxe5 14. fxe5 Bxe5
15. Bxd5+ Kg7 16. Bh6+ Kxh6 17. Qd2+ Kg7 18. Rxf8 Qxc5+ 19. e3 Kxf8 20. Rf1+
Bf5 21. Be4 Qxe3+ 22. Qxe3 Nxe3 23. Rf3 Bd4 24. Ne2 Rd8 25. Nxd4 Rxd4 26. Bxf5
Nxf5 27. Kg2 Kg7 28. Rf2 Ne3+ 29. Kf3 Nd5 30. Re2 Kf6 31. h3 Rd3+ 32. Kg4 h5+
33. Kh4 Rd4+ 34. g4 g5+ 35. Kxh5 Nf4+ 0-1

[Event "15. Obert Internacional Pobla de Lillet"]
[Site "Pobla de Lillet ESP"]
[Date "2005.08.08"]
[Round "7.1"]
[White "Movsziszian, Karen"]
[Black "Petkov, Vladimir"]
[Result "0-1"]
[WhiteElo "2439"]
[BlackElo "2475"]
[PlyCount "68"]
[EventDate "2005.08.02"]
[EventType "swiss"]
[EventRounds "9"]
[EventCountry "ESP"]
[SourceTitle "Ajedrez en Madrid"]
[Source "lmi"]
[SourceDate "2005.08.11"]
[SourceVersion "1"]
[SourceVersionDate "2020.06.30"]
[SourceQuality "1"]

1. e4 c5 2. d3 Nc6 3. g3 g6 4. Bg2 Bg7 5. f4 d6 6. Nc3 e5 7. Nh3 h5 8. Be3 Nd4
9. Bxd4 cxd4 10. Nd5 Ne7 11. Nxe7 Qxe7 12. O-O Bg4 13. Qd2 h4 14. Ng5 hxg3 15.
hxg3 Rc8 16. Rf2 Bh6 17. c3 exf4 18. gxf4 dxc3 19. bxc3 Bxg5 20. fxg5 Rc5 21.
Raf1 Be6 22. d4 Rxg5 23. d5 Bh3 24. Qd4 Rh4 25. Qxa7 f5 26. exf5 gxf5 27. Rb1
Bxg2 28. Qb8+ Kf7 29. Rxf5+ Kg6 30. Rxg5+ Kxg5 31. Qg8+ Kf5 32. Qc8+ Kf4 33.
Qc4+ Be4 34. Rf1+ Kg3 0-1

[Event "15. Obert Internacional Pobla de Lillet"]
[Site "Pobla de Lillet ESP"]
[Date "2005.08.08"]
[Round "7.2"]
[White "Hanley, Craig"]
[Black "Burmakin, Vladimir"]
[Result "1-0"]
[WhiteElo "2367"]
[BlackElo "2558"]
[PlyCount "73"]
[EventDate "2005.08.02"]
[EventType "swiss"]
[EventRounds "9"]
[EventCountry "ESP"]
[SourceTitle "Ajedrez en Madrid"]
[Source "lmi"]
[SourceDate "2005.08.11"]
[SourceVersion "1"]
[SourceVersionDate "2020.06.30"]
[SourceQuality "1"]

1. e4 c6 2. d4 d5 3. Nc3 dxe4 4. Nxe4 Bf5 5. Ng3 Bg6 6. Nf3 Nd7 7. h4 h6 8. h5
Bh7 9. Bd3 Bxd3 10. Qxd3 e6 11. Bd2 Qc7 12. O-O-O O-O-O 13. Kb1 Ngf6 14. c4 Bd6
15. Ne4 Bf4 16. Nxf6 gxf6 17. Bc3 Qb6 18. g3 Bc7 19. Qc2 Qa6 20. Bd2 f5 21. d5
Nc5 22. Bf4 Ne4 23. Bxc7 Kxc7 24. Ne5 Rhf8 25. f3 Nxg3 26. Rhg1 f4 27. dxe6
fxe6 28. Qh7+ Kc8 29. Qxh6 c5 30. Ng6 Rfe8 31. Qxf4 Ne2 32. Rxd8+ Rxd8 33. Ne7+
Kd7 34. Qf7 Qxc4 35. Nd5+ Kd6 36. Qc7+ Kxd5 37. Rg5+ 1-0

[Event "15. Obert Internacional Pobla de Lillet"]
[Site "Pobla de Lillet ESP"]
[Date "2005.08.08"]
[Round "7.3"]
[White "Baron Rodriguez, Jesus"]
[Black "Moskalenko, Viktor"]
[Result "0-1"]
[WhiteElo "2445"]
[BlackElo "2534"]
[PlyCount "80"]
[EventDate "2005.08.02"]
[EventType "swiss"]
[EventRounds "9"]
[EventCountry "ESP"]
[SourceTitle "Ajedrez en Madrid"]
[Source "lmi"]
[SourceDate "2005.08.11"]
[SourceVersion "1"]
[SourceVersionDate "2020.06.30"]
[SourceQuality "1"]

1. e4 e6 2. d4 d5 3. Nc3 Bb4 4. e5 c5 5. a3 Bxc3+ 6. bxc3 Qc7 7. Qg4 f5 8. Qg3
Nc6 9. Nf3 cxd4 10. cxd4 Nge7 11. Bd2 O-O 12. Bd3 Bd7 13. Kf1 Be8 14. h4 f4 15.
Qg4 Nf5 16. c3 Bg6 17. Be2 Na5 18. Rd1 Be8 19. h5 h6 20. Rh3 a6 21. Bxf4 Bb5
22. Bxb5 axb5 23. Kg1 Nc4 24. Nh4 Rxa3 25. Rdd3 Qf7 26. Rdf3 b4 27. cxb4 Rxf3
28. Nxf3 b5 29. g3 Ra8 30. Nh4 Ra1+ 31. Kg2 Nfe3+ 32. fxe3 Nxe3+ 33. Kf3 Nxg4
34. Kxg4 Qc7 35. Rh2 Qc4 36. Rd2 Ra2 37. Nf3 Rxd2 38. Bxd2 Qe2 39. Bf4 Kh7 40.
Bd2 g6 0-1

[Event "15. Obert Internacional Pobla de Lillet"]
[Site "Pobla de Lillet ESP"]
[Date "2005.08.08"]
[Round "7.4"]
[White "Granero Roca, Antonio"]
[Black "Kosten, Anthony C"]
[Result "1/2-1/2"]
[WhiteElo "2342"]
[BlackElo "2522"]
[PlyCount "58"]
[EventDate "2005.08.02"]
[EventType "swiss"]
[EventRounds "9"]
[EventCountry "ESP"]
[SourceTitle "Ajedrez en Madrid"]
[Source "lmi"]
[SourceDate "2005.08.11"]
[SourceVersion "1"]
[SourceVersionDate "2020.06.30"]
[SourceQuality "1"]

1. d4 Nf6 2. c4 e6 3. Nf3 Bb4+ 4. Bd2 a5 5. g3 d5 6. Bg2 dxc4 7. Qc2 Nc6 8.
Qxc4 Qd5 9. Qxd5 exd5 10. a3 Bxd2+ 11. Nbxd2 a4 12. Rc1 Ra6 13. Ne5 Nxd4 14.
Rxc7 O-O 15. e3 Nc6 16. Nxc6 Rxc6 17. Rxc6 bxc6 18. O-O Bf5 19. b4 axb3 20.
Nxb3 Rb8 21. Nd4 Bd7 22. Rc1 c5 23. Ne2 c4 24. Nc3 Be6 25. Rd1 Bg4 26. Rc1 Be6
27. Rd1 Bg4 28. Rc1 Be6 29. Ra1 Rb3 1/2-1/2

[Event "15. Obert Internacional Pobla de Lillet"]
[Site "Pobla de Lillet ESP"]
[Date "2005.08.08"]
[Round "7.5"]
[White "Hebden, Mark"]
[Black "Bruned, Yvain"]
[Result "1-0"]
[WhiteElo "2510"]
[BlackElo "2328"]
[PlyCount "99"]
[EventDate "2005.08.02"]
[EventType "swiss"]
[EventRounds "9"]
[EventCountry "ESP"]
[SourceTitle "Ajedrez en Madrid"]
[Source "lmi"]
[SourceDate "2005.08.11"]
[SourceVersion "1"]
[SourceVersionDate "2020.06.30"]
[SourceQuality "1"]

1. d4 Nf6 2. Nf3 e6 3. c3 c5 4. Bg5 Qb6 5. Qb3 Nc6 6. e3 d5 7. Nbd2 Be7 8. Be2
O-O 9. O-O Qxb3 10. axb3 h6 11. Bxf6 gxf6 12. dxc5 Bxc5 13. b4 Be7 14. e4 dxe4
15. Nxe4 Rd8 16. Rfd1 Rxd1+ 17. Rxd1 a6 18. Nd6 Kf8 19. Nc4 b5 20. Nb6 Rb8 21.
Nd7+ Bxd7 22. Rxd7 Rc8 23. Rb7 Bd8 24. Nd2 Rc7 25. Rxc7 Bxc7 26. g3 f5 27. Nb3
f4 28. Nc5 Nb8 29. g4 Ke7 30. Kg2 Bd6 31. Kf3 f6 32. h3 Kf7 33. Ke4 Ke7 34. Bf1
Kf7 35. Nd3 e5 36. Kd5 Bf8 37. Nc5 Be7 38. Bd3 Ke8 39. Nxa6 Nxa6 40. Bxb5+ Kd8
41. Bxa6 Kc7 42. Bd3 Kd7 43. Be4 Kc7 44. Ke6 Bd8 45. c4 Kb6 46. Kd7 Bc7 47. c5+
Ka7 48. Kxc7 Ka6 49. Bd3+ Ka7 50. b5 1-0

[Event "15. Obert Internacional Pobla de Lillet"]
[Site "Pobla de Lillet ESP"]
[Date "2005.08.08"]
[Round "7.6"]
[White "Alonso Moyano, Jonathan"]
[Black "Pogorelov, Ruslan"]
[Result "1-0"]
[WhiteElo "2406"]
[BlackElo "2442"]
[PlyCount "125"]
[EventDate "2005.08.02"]
[EventType "swiss"]
[EventRounds "9"]
[EventCountry "ESP"]
[SourceTitle "Ajedrez en Madrid"]
[Source "lmi"]
[SourceDate "2005.08.11"]
[SourceVersion "1"]
[SourceVersionDate "2020.06.30"]
[SourceQuality "1"]

1. e4 c5 2. Nf3 e6 3. d4 cxd4 4. Nxd4 Nc6 5. Nxc6 bxc6 6. Bd3 d5 7. O-O Nf6 8.
Nd2 Be7 9. c4 O-O 10. Qe2 a5 11. cxd5 cxd5 12. a4 Bb7 13. e5 Nd7 14. Nb3 Qb8
15. Bf4 Rc8 16. Bb5 Nf8 17. Bd2 Bd8 18. Rac1 Rxc1 19. Rxc1 Ng6 20. Nc5 Bc8 21.
Bc3 Bc7 22. Re1 Qa7 23. Nb3 Bb6 24. Rd1 Bd7 25. Nd4 Rc8 26. g3 Bxb5 27. Nxb5
Qa6 28. Kf1 Rc6 29. h4 h6 30. h5 Ne7 31. Kg2 Qa8 32. Qf3 Nf5 33. Kh3 Qd8 34. b3
Rc8 35. g4 Qh4+ 36. Kg2 Qg5 37. Kf1 Nh4 38. Qg3 Qe7 39. f4 g5 40. Nd6 Rc6 41.
f5 Bc7 42. f6 Qd8 43. Nb5 Qxf6+ 44. exf6 Bxg3 45. Bxa5 Rc2 46. Rd2 Rc1+ 47. Ke2
Be5 48. Bd8 Rb1 49. a5 Rxb3 50. a6 Bb8 51. a7 Bxa7 52. Nxa7 Rb4 53. Rc2 Rxg4
54. Rc8 Re4+ 55. Kd3 Nf3 56. Nc6 Ne1+ 57. Kc3 Rc4+ 58. Kb3 Nd3 59. Be7+ Kh7 60.
Bf8 Nf4 61. Bg7 Ng6 62. hxg6+ Kxg6 63. Ne5+ 1-0

[Event "15. Obert Internacional Pobla de Lillet"]
[Site "Pobla de Lillet ESP"]
[Date "2005.08.08"]
[Round "7.7"]
[White "Camacho Collados, Jose"]
[Black "Sanchez Garcia, Manuel"]
[Result "1-0"]
[WhiteElo "2236"]
[BlackElo "2010"]
[PlyCount "99"]
[EventDate "2005.08.02"]
[EventType "swiss"]
[EventRounds "9"]
[EventCountry "ESP"]
[SourceTitle "Ajedrez en Madrid"]
[Source "lmi"]
[SourceDate "2005.08.11"]
[SourceVersion "1"]
[SourceVersionDate "2020.06.30"]
[SourceQuality "1"]

1. e4 c5 2. Nf3 Nc6 3. d4 cxd4 4. Nxd4 Nf6 5. Nc3 e5 6. Ndb5 d6 7. Bg5 a6 8.
Na3 b5 9. Bxf6 gxf6 10. Nd5 Bg7 11. g3 f5 12. Bg2 f4 13. c3 Rb8 14. Nc2 a5 15.
Qd2 Ne7 16. Nxe7 Qxe7 17. O-O O-O 18. Rfd1 Rd8 19. Qe2 Bh6 20. b4 Qc7 21. Qh5
Bg7 22. Rac1 fxg3 23. hxg3 Be6 24. bxa5 Qxa5 25. Nb4 Rbc8 26. Bh3 Qa3 27. Bf5
Rxc3 28. Qxh7+ Kf8 29. Rxc3 Qxc3 30. Bxe6 fxe6 31. Rd3 Qc1+ 32. Kg2 Rd7 33. Qg6
Rf7 34. Qxe6 Rf6 35. Rf3 Rxf3 36. Qxd6+ Kg8 37. Kxf3 Qh1+ 38. Ke2 Qxe4+ 39. Kd2
Kh7 40. Qd3 Bh6+ 41. Kc3 Qg6 42. f3 Kg7 43. Qxg6+ Kxg6 44. Kd3 Kf5 45. Nd5 Bc1
46. g4+ Kg6 47. Ke4 Bb2 48. Nc7 b4 49. Nd5 Ba3 50. Kxe5 1-0

[Event "15. Obert Internacional Pobla de Lillet"]
[Site "Pobla de Lillet ESP"]
[Date "2005.08.08"]
[Round "7.9"]
[White "Sandu, Mihaela"]
[Black "Bautista Sanchez, Joan"]
[Result "0-1"]
[WhiteElo "2159"]
[BlackElo "2250"]
[PlyCount "130"]
[EventDate "2005.08.02"]
[EventType "swiss"]
[EventRounds "9"]
[EventCountry "ESP"]
[SourceTitle "Ajedrez en Madrid"]
[Source "lmi"]
[SourceDate "2005.08.11"]
[SourceVersion "1"]
[SourceVersionDate "2020.06.30"]
[SourceQuality "1"]

1. e4 c6 2. c4 d5 3. exd5 cxd5 4. cxd5 Qxd5 5. Nc3 Qd8 6. d4 e6 7. Nf3 Nf6 8.
Ne5 a6 9. Bd3 Be7 10. O-O O-O 11. Bg5 Nbd7 12. Ne4 Nxe4 13. Bxe7 Qxe7 14. Bxe4
Nf6 15. Bc2 Bd7 16. Qd3 Bb5 17. Nc4 Rac8 18. b3 Rfd8 19. a4 Bc6 20. Rfe1 Qc7
21. Re5 b5 22. Ne3 Qxe5 23. dxe5 Rxd3 24. Bxd3 Nd7 25. axb5 Bxb5 26. Bxb5 axb5
27. Ra5 Rb8 28. Nc2 Nxe5 29. Nd4 Kf8 30. g3 Nd3 31. Nxb5 Rb6 32. f4 Nc1 33. Nd4
Nxb3 34. Rb5 Rxb5 35. Nxb5 Ke7 36. Kf2 f6 37. Ke3 h5 38. Nc3 Kd6 39. Nb5+ Kc6
40. Nc3 Kc5 41. Ne4+ Kc6 42. h3 Nc5 43. Nd2 Kd5 44. g4 hxg4 45. hxg4 Nb7 46.
Nf3 Nd6 47. Ne1 Nc4+ 48. Kd3 e5 49. Ng2 e4+ 50. Kc3 g5 51. fxg5 fxg5 52. Ne1
Ne3 53. Kd2 Nxg4 54. Ke2 Ke5 55. Ng2 Kf5 56. Kd2 Nf6 57. Ke3 Ke5 58. Ke2 Nd5
59. Kf2 Kd4 60. Ne1 Nf4 61. Kg3 Ke3 62. Nc2+ Kd2 63. Na1 Kc3 64. Kf2 Nd5 65.
Ke2 Kb2 0-1

[Event "15. Obert Internacional Pobla de Lillet"]
[Site "Pobla de Lillet ESP"]
[Date "2005.08.08"]
[Round "7.10"]
[White "Bruned, Boris"]
[Black "Goldschmidt, Andreas"]
[Result "1/2-1/2"]
[WhiteElo "2212"]
[BlackElo "1900"]
[PlyCount "106"]
[EventDate "2005.08.02"]
[EventType "swiss"]
[EventRounds "9"]
[EventCountry "ESP"]
[SourceTitle "Ajedrez en Madrid"]
[Source "lmi"]
[SourceDate "2005.08.11"]
[SourceVersion "1"]
[SourceVersionDate "2020.06.30"]
[SourceQuality "1"]

1. e4 c6 2. d4 d5 3. Nc3 g6 4. Nf3 Bg7 5. h3 Nf6 6. Bd3 dxe4 7. Nxe4 Nxe4 8.
Bxe4 Be6 9. c3 Na6 10. O-O Nc7 11. Re1 O-O 12. Bf4 Bd5 13. Bd3 Bxf3 14. Qxf3
Qd7 15. Be5 Rad8 16. Bc4 Nd5 17. Qe4 e6 18. Bxg7 Kxg7 19. Qe5+ Kg8 20. Qg5 Qd6
21. h4 Qf4 22. g3 Qxg5 23. hxg5 Kg7 24. Kg2 Rh8 25. Rh1 h6 26. gxh6+ Rxh6 27.
Rxh6 Kxh6 28. a4 Nb6 29. Be2 a5 30. Ra3 Rd7 31. Bf3 Rc7 32. Be2 Rd7 33. Kf3 g5
34. Ke4 Kg6 35. c4 e5 36. dxe5 Rd2 37. Bd3 Rxb2 38. f4 gxf4 39. gxf4 Rb4 40.
Kd4+ Kg7 41. Kc5 Nxa4+ 42. Kd6 Nb2 43. f5 Nxc4+ 44. Bxc4 Rxc4 45. Ke7 Rc5 46.
f6+ Kh6 47. e6 fxe6 48. f7 Rf5 49. f8=Q+ Rxf8 50. Kxf8 Kg5 51. Rxa5+ Kf4 52.
Ke7 e5 53. Kf6 e4 1/2-1/2